Statystyki dla Wszystkie piosenki Taco Hemingway

Kliknij tutaj aby rozwiązać quiz!

Ogólne statystyki

  • Ten quiz został rozwiązany 1 122 razy
  • Średni wynik to 55 z 92

Statystyki odpowiedzi

AlbumUtwór% Poprawnych
MarmurMarmur
90%
Trójkąt
87%
Café BelgaCafé Belga
86%
SzprycerNostalgia
83%
Następna Stacja
82%
Trójkąt WarszawskiSzlugi i Kalafiory
82%
Tamagotchi
82%
W piątki leżę w wannie
81%
Deszcz na betonie
80%
WoskWOSK
80%
6 zer
79%
Mięso
76%
8 Kobiet
75%
Kryptowaluty
73%
Żyrandol
73%
Fiji
72%
Chodź
71%
Pocztówka z WWACzłowiek z dziurą zamiast krtani
71%
Wiatr
70%
Dele
69%
Tlen
69%
ZTM
69%
Kabriolety
68%
Krwawa Jesień
67%
Soma
67%
Marsz, Marsz
66%
Sanatorium
66%
FlageyBakayoko
65%
Białkoholicy
65%
Wszystko Jedno
65%
515
63%
SomaIntro
63%
Karimata
63%
+4822
62%
Art-B
62%
A mówiłem Ci
61%
Anja
61%
900729
60%
Alert RCB
60%
Awizo
60%
Ekodiesel
60%
Świecące Prostokąty
60%
Grubo-Chude Psy
59%
Przerywnik
59%
Tijuana
59%
Wujek Dobra Rada
59%
Antysmogowa Maska w Moim Carry-on Baggage
58%
Koła
58%
Visa
58%
Wszystko na niby
58%
Czarna Kawa Czeka
57%
Pokedex
57%
100 kmh
56%
2031
56%
Leci nowy Future
56%
Motorola
56%
Nóż
56%
Reżyseria Kubrick
56%
Tsunami Blond
56%
Metallica 808
55%
Mleko i Miód
55%
Outro
55%
Saldo '07
55%
WWA VHS
55%
35
54%
4 AM in Girona
54%
Żywot
54%
Adieu
53%
Mgła I (Siwe Włosy)
53%
Świat jest WFem
53%
I.S.W.T
51%
BXL
50%
Umowa o DziełoOd zera
50%
Modigliani
49%
Sectumsempra
48%
Szczerze
48%
Wytrawne (z nutą desperacji)
48%
Italodisco
47%
Wiem
47%
Abonent jest czasowo niedostępny
46%
Głupi Byt
45%
Mgła II( Mówisz,masz)
45%
Ściany Mają Uszy
45%
To by było na tyle
44%
Ślepe Sumy
42%
PIN
41%
Moje demony uciekły na urlop
40%
Leonardo
39%
C3PO
38%
Giro d'Italia
37%
TLC
35%
Benevento
32%

Rozkład punktacji

Percentyl według liczby udzielonych odpowiedzi

Procent ludzi z każdym wynikiem

Twoja historia wyników

Nie rozwiązałeś tego quizu